Quiz o Chillwagonie - Statystyki

Ogólne statystyki
  • Ten quiz został rozwiązany 41 razy
  • Średni wynik to 10 z 14
Statystyki odpowiedzi
Hint Odpowiedź % Poprawnych
Kto założył Chillwagon Borixon
100%
Najstarsza osoba w Chillwagonie Borixon
100%
Najmłodsza osoba w Chillwagonie Qry
100%
Kto powiedział:"moja stara nowa szkoła, tworzy style jak raiderzy, ty weź byku na to popatrz jak to świetnie na mnie leży" Qry
100%
W jakim roku został założony Chillwagon 2018
91%
Kto z Chillwagonu nagrał własną piosenkę która przekroczyła 50M wyświetleń na YT? 06.04.2023 Kizo/Reto/Szpaku
88%
Najpopularniejsza piosenka Chillwagonu @
81%
Z jakiej piosenki jest ten refren: "Dzisiaj nie ma tego złego, co by nie wyszło na dobre" Rower
75%
Jak ma na imię Qry Patryk
69%
Po kim wylała się kontrowersja jak dołączył do Chillwagonu Szpaku
69%
W jakim mieście odbył się pierwszy koncert Chillwagonu Warszawa
53%
W jakim mieście urodził się Borixon Kielce
44%
Rzecz która charakteryzuje Chillwagon Palnik
22%
Jak ma na imię Zetha Igor
9%
Nie znaleziono quizów pasujących do podanych kryteriów
Rozkład punktacji
Procent ludzi z każdym wynikiem
Percentyl według liczby udzielonych odpowiedzi
Twoja historia wyników
Nie rozwiązałeś tego quizu